000 00705nam a2200205Ia 4500
005 20251020182526.0
008 200515s9999 xx 000 0 und d
082 _a693.21/M61
245 0 _aSeminario de mampostería reforzada
260 _aManagua
260 _cs.a.
300 _aMinisterio de Vivienda y Asentamientos Humanos
500 _a1 ejemplar
520 _aTiene por objeto familiarizar a los Maestros de Obras y albañiles con la construcción de mampostería reforzada a la base de bloques de concreto ó arcilla, producidos con materiales nacionales
650 _aALBAÑILERIA
650 _aALBAÑILERIA REFORZADA
650 _aBLOQUES DE CONCRETO
650 _aLIB
942 _cLIB
999 _c1929
_d1929